| 000 | 01464cad a22003015a 4500 | ||
|---|---|---|---|
| 001 | L159269 | ||
| 008 | 130206s2016 xxk f 000 0 eng d | ||
| 020 | _a9781783211500 | ||
| 035 | _a(Sirsi) u159269 | ||
| 041 | 0 | _aeng | |
| 050 | 0 | 4 | _a658.404 $2 18 |
| 110 | 2 |
_aRoyal Institution of Chartered Surveyors _94900 |
|
| 245 |
_aLessons learned _h[electronic resource] |
||
| 260 |
_aLondon _bRICS _c2016 |
||
| 490 | 0 | _aRICS Guidance Note | |
| 520 | _aOutlines some of the most commonly occurring reasons for project failure and offers practical solutions in the context of applying the lessons learned. Although the main emphasis is on the built environment, case examples and lessons learned are drawn from a variety of sectors, including infrastructure and IT. The guidance note also stresses the importance of capturing the knowledge acquired during the planning and delivery of a project, and making best use of this for the benefit of future projects. Effective from 1 May 2016. | ||
| 590 | _aKA | ||
| 650 | 2 | 4 | _aFAILURE |
| 650 | 2 | 4 | _aHUMAN ERROR |
| 650 | 2 | 4 | _aPROJECT LIFE CYCLE |
| 650 | 2 | 4 | _aPROJECT EVALUATIONS |
| 650 | 2 | 4 | _aRISK MANAGEMENT |
| 651 | 4 | _aInternational | |
| 690 |
_aPlanning and development _96259 |
||
| 690 |
_aProject management _96261 |
||
| 856 | 4 | 0 |
_uhttps://www.rics.org/profession-standards/rics-standards-and-guidance/sector-standards/construction-standards/lessons-learned _zAvailable free on RICS.org |
| 942 |
_n0 _2ddc |
||
| 999 |
_c115774 _d115774 |
||